000 01527nam a22003137a 4500
001 EPSA 0288
003 gtcocun
005 20250916200240.0
006 a||||gr|||| 00| 0
007 ta
008 250916b2024 gt ||||| m||| 00| 0 eng d
040 _agtcocun
_bSPA
_cgtcocun
_eRDA
041 _aSPA EPSA 0288
084 _0 EPSA 0288
100 _aTzac Macz, Estefana Elizabeth
_eAutor
245 _aINFORME FINAL DEL EJERCICIO ROFESIONAL SUPERVISADO, REALIZADO EN DOÑA LUCIA BISTRÓ, TACTIC, ALTA VERARAZ/
_cEstefana Elizabeth Tzac Macz.
_hImpreso
264 _aCobán, Alta Verapaz:
_bUniversidad de San Carlos de Guatemala, Centro Universitario del Norte, Licenciatura en Administración de Empresas
_c2024
300 _a49 p.:
_bIlustraciones, gráficas.
_c28 cm;
336 _2rdacontenido
_aTexto
_btxt
337 _2rdamedio
_aComputadora
_bn
338 _2rdasoporte
_aCódigo en línea
_bcr
502 _eEPSA 0288
502 _aEjercicio Profesional Supervisado
_bLicenciatura en Administración de Empresas,
_cUniversidad de San Carlos de Guatemala, Centro Universitario del Norte, Licenciatura en Administración de Empresas
_d2024
_oEPSA 0288
650 _2LEMB
_aCobán, Alta Verapaz
_xAdministración
_xSituación
_xIdentificación
_xDiagnóstico
_xAnálisis
_xDescripción
_xRecomendación
700 _aLcda. Aura Violeta Recinos Hércules
_eAsesor
856 _uSin archivo en línea.
_zSin archivo en línea.
942 _2ddc
_cTES
_iEPSA 0288
_kClasificación
_n0
_6EPSA_0288_000000000000000
999 _c1868
_d1868